<?xml version="1.0" encoding="UTF-8"?>
<collection xmlns="http://www.loc.gov/MARC21/slim">
  <record>
    <leader>00000nam  2200000   4500</leader>
    <controlfield tag="001">000170</controlfield>
    <datafield tag="020" ind1=" " ind2=" ">
      <subfield code="9">786028394932</subfield>
    </datafield>
    <datafield tag="082" ind1=" " ind2=" ">
      <subfield code="3">84.540</subfield>
    </datafield>
    <datafield tag="100" ind1=" " ind2=" ">
      <subfield code="a">Asep Syamsul M. Romli</subfield>
    </datafield>
    <datafield tag="245" ind1=" " ind2=" ">
      <subfield code="a">Broadcast for teen: jadi penyiar itu asyik lho! /</subfield>
      <subfield code="c">Asep Syamsul M. Romli</subfield>
    </datafield>
    <datafield tag="250" ind1=" " ind2=" ">
      <subfield code="C">etakan III</subfield>
    </datafield>
    <datafield tag="264" ind1=" " ind2=" ">
      <subfield code="B">andung: Nuansa Cendekia 2024</subfield>
    </datafield>
    <datafield tag="300" ind1=" " ind2=" ">
      <subfield code="1">36 halaman; 21 cm.</subfield>
    </datafield>
    <datafield tag="650" ind1=" " ind2=" ">
      <subfield code="K">omunikasi</subfield>
    </datafield>
    <datafield tag="905" ind1=" " ind2=" ">
      <subfield code="3">84.54 ASE b</subfield>
    </datafield>
    <datafield tag="336" ind1=" " ind2=" ">
      <subfield code="a"/>
    </datafield>
    <datafield tag="337" ind1=" " ind2=" ">
      <subfield code="a"/>
    </datafield>
    <datafield tag="338" ind1=" " ind2=" ">
      <subfield code="a"/>
    </datafield>
    <controlfield tag="005">20260702151432.0</controlfield>
    <controlfield tag="008">260702s2026\\\\\\\\\\\\\\\\\\\\\\\\\\\\\\\\\\\\\\\\\</controlfield>
  </record>
</collection>
